000 00414 a2200169 4500
001 71852
020 _a8508082665
040 _cAnchieta - Colégio São Paulo
100 _aPena, Martins
240 1 0 _aO noviço; O judas em sábado de aleluia
_lpor
245 1 0 _aO noviço; O judas em sábado de aleluia
300 _a128
362 0 _a2002
440 1 _aÁtica
650 4 _aLiteratura juvenil
942 _cBK
999 _c71852
_d71852